Effect of blend composition and dynamic crosslinking on the rheological and physical properties of thermoplastic polypropylene - polybutadiene rubber blend (Record no. 57708)

MARC details
000 -LEADER
fixed length control field 00480nam a2200133Ia 4500
100 ## - MAIN ENTRY--AUTHOR NAME
Personal name Bhattacharya B
245 #0 - TITLE STATEMENT
Title Effect of blend composition and dynamic crosslinking on the rheological and physical properties of thermoplastic polypropylene - polybutadiene rubber blend
260 ## - PUBLICATION, DISTRIBUTION, ETC. (IMPRINT)
Name of publisher Proceedings of the International Rubber Conference, USSR
700 ## - ADDED ENTRY--PERSONAL NAME
Personal name De S K
700 ## - ADDED ENTRY--PERSONAL NAME
Personal name Gupta B R
700 ## - ADDED ENTRY--PERSONAL NAME
Personal name Kuriakose B
942 ## - ADDED ENTRY ELEMENTS (KOHA)
Koha item type Journals
Holdings
Withdrawn status Lost status Damaged status Not for loan Home library Current library Date acquired Koha item type
      Journals RRII Library RRII Library 17/12/2021 Journals